[Event "World Open"]
[Site "Arlington, VA"]
[Date "2013.07.06"]
[Round "7.4"]
[White "Shulman, Yury"]
[Black "Negi, Parimarjan"]
[Result "1/2-1/2"]
[WhiteElo "2542"]
[BlackElo "2634"]
[PlyCount "67"]
[EventDate "2013.07.??"]
[EventType "swiss"]
[EventRounds "9"]
[EventCountry "USA"]
[WhiteClock "0:16:26"]
[BlackClock "0:16:58"]

1. Nf3 Nf6 2. c4 g6 3. Nc3 d5 4. cxd5 Nxd5 5. e4 Nxc3 6. dxc3 Qxd1+ 7. Kxd1 f6
8. Be3 e5 9. Nd2 Be6 10. Bc4 Bxc4 11. Nxc4 Nd7 12. b4 b5 13. Na5 c5 14. Rb1 a6
15. Ke2 Rc8 16. Rhc1 Kf7 17. c4 cxb4 18. cxb5 Rxc1 19. Rxc1 axb5 20. Rc8 Bg7
21. Rc7 Ke6 22. Rc6+ Ke7 23. Ra6 Rc8 24. Nc6+ Ke8 25. Nxb4 f5 26. f3 fxe4 27.
fxe4 Rc4 28. Ra8+ Kf7 29. Ra7 Rxb4 30. Rxd7+ Kg8 31. Kf3 Ra4 32. Ra7 Rxa7 33.
Bxa7 Kf7 34. Ke3 1/2-1/2

[Event "World Open"]
[Site "Arlington, VA"]
[Date "2013.07.06"]
[Round "7.6"]
[White "Holt, Conrad"]
[Black "Shankland, Sam"]
[Result "1/2-1/2"]
[WhiteElo "2531"]
[BlackElo "2601"]
[PlyCount "181"]
[EventDate "2013.07.??"]
[EventType "swiss"]
[EventRounds "9"]
[EventCountry "USA"]

1. d4 Nf6 2. c4 e6 3. Nf3 d5 4. Nc3 Bb4 5. Bg5 h6 6. Bxf6 Qxf6 7. Qa4+ Nc6 8.
e3 O-O 9. Be2 a6 10. O-O dxc4 11. Bxc4 Qf5 12. Bb5 Bxc3 13. Bxc6 Ba5 14. e4 Qh5
15. e5 Bb6 16. Be4 f5 17. exf6 gxf6 18. Rad1 Kh8 19. Kh1 Rg8 20. Qb4 Qg4 21.
Nd2 a5 22. Qa4 Rd8 23. h3 Qh4 24. Bb1 Bd7 25. Qc2 f5 26. d5 exd5 27. Nf3 Qf6
28. Rxd5 Be6 29. Re5 Rd5 30. Rfe1 Rxe5 31. Rxe5 Rd8 32. Qe2 Rd6 33. Bc2 c6 34.
Bb3 Bxb3 35. axb3 Bd8 36. g3 Qf7 37. Kg2 Rd5 38. Re6 Bf6 39. Qe3 Kg7 40. Kg1
Rd3 41. Qxd3 Qxe6 42. Kf1 Qd5 43. Qe3 Bxb2 44. Qe7+ Qf7 45. Qe3 Bf6 46. Qb6 Kg6
47. Kg2 h5 48. h4 Bg7 49. Qxa5 Qxb3 50. Qc7 Qf7 51. Qd6+ Qf6 52. Qd7 c5 53.
Qxb7 c4 54. Ng5 c3 55. Qc7 Qf8 56. Ne6 Qf6 57. Nf4+ Kh6 58. Kh3 Qa6 59. Kh2 Qf6
60. Kg2 Kh7 61. Nh3 Qe5 62. Ng5+ Kg6 63. Qf7+ Kh6 64. Qg8 Kg6 65. Qf7+ Kh6 66.
Qc4 Kg6 67. Kf1 Qe7 68. Kg1 Qe1+ 69. Kg2 Qe7 70. Qc8 Qe5 71. Kg1 Qe1+ 72. Kg2
Qe5 73. Qc4 Qe7 74. Kf1 Qe5 75. Qf7+ Kh6 76. Qg8 Kg6 77. Qh7+ Kf6 78. Qxh5 Qd5
79. Qe8 Qc4+ 80. Kg1 Bh6 81. Qd8+ Kg6 82. Qe8+ Kf6 83. Qd8+ Kg6 84. Qd6+ Kh5
85. Qe7 Qc6 86. Qe2+ Kg6 87. Nf3 c2 88. Ne5+ Kg7 89. Nxc6 c1=Q+ 90. Kh2 Qxc6
91. Qe5+ 1/2-1/2

[Event "World Open"]
[Site "Arlington, VA"]
[Date "2013.07.06"]
[Round "7.8"]
[White "Milov, Vadim"]
[Black "Yang, Darwin"]
[Result "1/2-1/2"]
[WhiteElo "2643"]
[BlackElo "2485"]
[PlyCount "156"]
[EventDate "2013.07.??"]
[EventType "swiss"]
[EventRounds "9"]
[EventCountry "USA"]

1. c4 e6 2. Nf3 d5 3. d4 Nf6 4. Bg5 dxc4 5. Qa4+ Nbd7 6. Nbd2 c5 7. e4 Be7 8.
dxc5 Qc7 9. Bxc4 Qxc5 10. O-O O-O 11. Rac1 Nb6 12. Qd1 Nxc4 13. Rxc4 Qb6 14.
Qb1 h6 15. Be3 Qd8 16. Rfc1 Bd7 17. Ne5 Bb5 18. Rd4 Qb8 19. Ndf3 Rc8 20. a4 Be2
21. Rd2 Rxc1+ 22. Qxc1 Bxf3 23. Nxf3 Qe8 24. Rd4 Rc8 25. Rc4 Rxc4 26. Qxc4 Qd8
27. h3 a6 28. Nd2 Ne8 29. b3 Nd6 30. Qd3 Qc8 31. Bf4 Qc6 32. g3 b5 33. axb5
Nxb5 34. Nc4 Bf6 35. Be3 Be7 36. h4 Nd6 37. Nd2 Bf6 38. Bf4 Be7 39. Kg2 Nb5 40.
Nc4 Bf6 41. f3 Bd4 42. g4 Qc5 43. Bg3 e5 44. f4 exf4 45. Bxf4 Qe7 46. Bg3 Qe6
47. Qf3 Bc5 48. Be5 f6 49. Bb2 Nd6 50. Nxd6 Bxd6 51. Bd4 a5 52. Bf2 Kh8 53. g5
fxg5 54. hxg5 hxg5 55. Qh3+ Qxh3+ 56. Kxh3 Kg8 57. Bb6 Bb4 58. Kg4 Kf7 59. Kxg5
Ke6 60. Bd4 Be7+ 61. Kf4 Bd6+ 62. Kg4 Be5 63. Bb6 Bc3 64. Bc7 Bb4 65. Kf3 Kd7
66. Be5 g6 67. Bd4 Kc6 68. Kf4 Kb5 69. Kg5 a4 70. bxa4+ Kxa4 71. Kxg6 Bd6 72.
Kf5 Kb5 73. Be5 Bb4 74. Bf4 Bc3 75. Bg5 Kc6 76. Ke6 Bb4 77. Bf4 Bc3 78. Be5 Bd2
1/2-1/2

[Event "World Open"]
[Site "Arlington, VA"]
[Date "2013.07.06"]
[Round "7.9"]
[White "Panchanathan, Magesh"]
[Black "Amanov, Mesgen"]
[Result "1-0"]
[WhiteElo "2583"]
[BlackElo "2484"]
[PlyCount "109"]
[EventDate "2013.07.??"]
[EventType "swiss"]
[EventRounds "9"]
[EventCountry "USA"]

1. Nf3 Nf6 2. g3 g6 3. Bg2 Bg7 4. O-O O-O 5. c4 c6 6. d4 d5 7. b3 a5 8. Nc3 Ne4
9. Bb2 Bf5 10. Ne1 Nxc3 11. Bxc3 dxc4 12. bxc4 c5 13. Bxb7 Ra7 14. Bd5 Bh3 15.
Ng2 e6 16. Bf3 cxd4 17. Bb2 e5 18. Bd5 Na6 19. e4 Nb4 20. Ba3 Nxd5 21. cxd5 Re8
22. Bc5 Rd7 23. Qa4 Qf6 24. f3 Rc8 25. Ba3 Rdc7 26. Rac1 Rxc1 27. Bxc1 Qa6 28.
Qd1 Qc4 29. a4 Qa2 30. Bd2 Rc2 31. Rf2 Bh6 32. f4 Bxg2 33. Kxg2 exf4 34. Be1
Rxf2+ 35. Bxf2 fxg3 36. Kxg3 Bf4+ 37. Kxf4 Qxf2+ 38. Ke5 Kg7 39. d6 Qf6+ 40.
Kd5 Qe6+ 41. Kc5 Qe5+ 42. Kc6 Qxe4+ 43. Kc7 Qe5 44. Qf3 f5 45. Qb7 Kh6 46. Qb5
Qxh2 47. Qd5 Qf4 48. Kc8 Qc1+ 49. Kb7 Qb1+ 50. Kc7 Qc2+ 51. Qc6 Qh2 52. Kc8 d3
53. d7 Qc2 54. Qc7 Qe2 55. d8=Q 1-0

[Event "World Open"]
[Site "Arlington, VA"]
[Date "2013.07.06"]
[Round "7.10"]
[White "Krush, Irina"]
[Black "Ramirez, Alejandro"]
[Result "1/2-1/2"]
[WhiteElo "2480"]
[BlackElo "2583"]
[PlyCount "26"]
[EventDate "2013.07.??"]
[EventType "swiss"]
[EventRounds "9"]
[EventCountry "USA"]

1. c4 c5 2. Nf3 b6 3. g3 Bb7 4. Bg2 Nf6 5. O-O g6 6. d4 cxd4 7. Qxd4 Bg7 8. Nc3
d6 9. Rd1 Nbd7 10. b3 O-O 11. Bb2 Ne4 12. Qe3 Nxc3 13. Bxc3 Bxc3 1/2-1/2

[Event "World Open"]
[Site "Arlington, VA"]
[Date "2013.07.06"]
[Round "7.11"]
[White "Shabalov, Alex"]
[Black "Vioreanu, Bogdan"]
[Result "1-0"]
[WhiteElo "2553"]
[BlackElo "2404"]
[PlyCount "75"]
[EventDate "2013.07.??"]
[EventType "swiss"]
[EventRounds "9"]
[EventCountry "USA"]

1. d4 d5 2. c4 e6 3. Nf3 c6 4. Nc3 dxc4 5. g3 Nf6 6. Bg2 b5 7. O-O Bb7 8. a4 a6
9. e4 Nbd7 10. e5 Nd5 11. Ng5 Be7 12. Qh5 g6 13. Qh6 Bf8 14. Qh3 N7b6 15. Nce4
Qd7 16. a5 Na4 17. Ra3 Bxa3 18. bxa3 Kd8 19. Nd6 Rf8 20. Qxh7 Kc7 21. Ndxf7
Nac3 22. Re1 c5 23. dxc5 Ne7 24. Nxe6+ Qxe6 25. Ng5 Qd7 26. e6 Qe8 27. Nf7 Bxg2
28. Bf4+ Kc6 29. Kxg2 Kxc5 30. Qg7 Ned5 31. Bd6+ Kc6 32. Bxf8 Qxf8 33. Ne5+ Kd6
34. Qd7+ Kc5 35. Qc6+ Kd4 36. e7 Nxe7 37. Qb6+ Kd5 38. Nd7 1-0

[Event "World Open"]
[Site "Arlington, VA"]
[Date "2013.07.06"]
[Round "7.12"]
[White "Cornejo, Max"]
[Black "Arnold, Marc"]
[Result "1/2-1/2"]
[WhiteElo "2395"]
[BlackElo "2525"]
[PlyCount "48"]
[EventDate "2013.07.??"]
[EventType "swiss"]
[EventRounds "9"]
[EventCountry "USA"]

1. e4 c5 2. Nf3 e6 3. c3 Nf6 4. e5 Nd5 5. d4 cxd4 6. cxd4 d6 7. Bc4 Nb6 8. Bd3
dxe5 9. dxe5 N8d7 10. Bg5 Be7 11. Bxe7 Qxe7 12. Nc3 Nc5 13. O-O Bd7 14. Ne4
Nxe4 15. Bxe4 Bb5 16. Re1 Bc4 17. a4 Rd8 18. Qc1 Bd5 19. a5 Na8 20. Bxd5 Rxd5
21. Qc8+ Rd8 22. Rac1 O-O 23. Qc5 Qxc5 24. Rxc5 b6 1/2-1/2

[Event "World Open"]
[Site "Arlington, VA"]
[Date "2013.07.06"]
[Round "7.13"]
[White "Vibbert, Sean"]
[Black "Kacheishvili, Giorgi"]
[Result "0-1"]
[WhiteElo "2256"]
[BlackElo "2588"]
[PlyCount "122"]
[EventDate "2013.07.??"]
[EventType "swiss"]
[EventRounds "9"]
[EventCountry "USA"]

1. e4 c5 2. Nf3 d6 3. d4 cxd4 4. Nxd4 Nf6 5. Nc3 Nc6 6. Bg5 e6 7. Qd2 a6 8.
O-O-O h6 9. Be3 Qc7 10. f3 Be7 11. Kb1 Ne5 12. Qf2 b5 13. Nb3 Rb8 14. Ba7 Rb7
15. Bd4 Bd7 16. g4 Bc6 17. Bxe5 dxe5 18. h4 b4 19. Ne2 Nd7 20. Nec1 a5 21. Nd3
a4 22. Nbc5 Nxc5 23. Nxc5 Qb6 24. Nd3 Qxf2 25. Nxf2 Bc5 26. Nd3 Bd4 27. Nc1 Ke7
28. Bc4 h5 29. Bd3 hxg4 30. fxg4 Bf2 31. Rh2 Bc5 32. Rf1 Rbb8 33. Rh3 Rh7 34.
Rhf3 g6 35. Ne2 Rf8 36. Rh3 Rfh8 37. Rfh1 Bf2 38. h5 gxh5 39. gxh5 Rg8 40. Rf1
Rg2 41. Rfh1 Rg4 42. R1h2 Bc5 43. Rg3 Rxg3 44. Nxg3 Be3 45. Rh3 Bh6 46. Ne2 Rg7
47. Rg3 Rxg3 48. Nxg3 Kf6 49. b3 axb3 50. axb3 Kg5 51. Ne2 Kxh5 52. c3 Bf8 53.
Nc1 Kg4 54. cxb4 Bxb4 55. Na2 Bd6 56. Kc2 Kf4 57. Nc3 Ke3 58. Nd1+ Kd4 59. Nc3
Bb4 60. Na2 Be1 61. b4 Ba4+ 0-1

[Event "World Open"]
[Site "Arlington, VA"]
[Date "2013.07.06"]
[Round "7.15"]
[White "Bodek, Michael"]
[Black "Molner, Mackenzie"]
[Result "0-1"]
[WhiteElo "2386"]
[BlackElo "2501"]
[PlyCount "62"]
[EventDate "2013.07.??"]
[EventType "swiss"]
[EventRounds "9"]
[EventCountry "USA"]

1. e4 c5 2. Nf3 d6 3. d4 cxd4 4. Nxd4 Nf6 5. Nc3 a6 6. f3 e5 7. Nb3 Be6 8. Be3
h5 9. Qd2 Nbd7 10. Nd5 Bxd5 11. exd5 g6 12. Na5 Qc7 13. c4 Bg7 14. Rc1 O-O 15.
Be2 e4 16. b4 exf3 17. gxf3 Rfe8 18. O-O Re7 19. Rf2 Rae8 20. Bd4 Kh7 21. Qb2
Bh6 22. Rc2 Be3 23. Bxf6 Nxf6 24. Qxf6 Re5 25. c5 dxc5 26. d6 Qd7 27. Nc4 Rg5+
28. Kh1 Re6 29. Qxg5 Bxg5 30. bxc5 Qb5 31. Nd2 Rxe2 0-1

[Event "World Open"]
[Site "Arlington, VA"]
[Date "2013.07.06"]
[Round "7.16"]
[White "Hossain, Enamul"]
[Black "Shen, Arthur"]
[Result "0-1"]
[WhiteElo "2487"]
[BlackElo "2286"]
[PlyCount "50"]
[EventDate "2013.07.??"]
[EventType "swiss"]
[EventRounds "9"]
[EventCountry "USA"]

1. e4 e5 2. Nf3 Nc6 3. Bb5 a6 4. Ba4 Nge7 5. Bb3 d5 6. Nc3 Be6 7. Ng5 Nd4 8.
Nxe6 fxe6 9. Ne2 Nxb3 10. axb3 Ng6 11. O-O Bd6 12. d4 O-O 13. dxe5 Nxe5 14. h3
dxe4 15. Nc3 Qh4 16. Ra4 Nf3+ 17. Kh1 Nh2 18. Rxe4 Rxf2 19. Rxf2 Qxf2 20. Rxe6
Nf1 21. Ne4 Ng3+ 22. Nxg3 Qxg3 23. Qg1 Rf8 24. Re3 Qf2 25. Rc3 Qe2 0-1

[Event "World Open"]
[Site "Arlington, VA"]
[Date "2013.07.06"]
[Round "7.17"]
[White "Harmon Vellotti, Luke"]
[Black "Gerzhoy, Leonid"]
[Result "1-0"]
[WhiteElo "2469"]
[BlackElo "2469"]
[PlyCount "83"]
[EventDate "2013.07.??"]
[EventType "swiss"]
[EventRounds "9"]
[EventCountry "USA"]

1. d4 Nf6 2. c4 e6 3. Nc3 Bb4 4. Qc2 O-O 5. a3 Bxc3+ 6. Qxc3 b6 7. Bg5 c5 8. e3
cxd4 9. exd4 d5 10. cxd5 exd5 11. Bd3 Ne4 12. Bxd8 Nxc3 13. bxc3 Rxd8 14. Ne2
Ba6 15. Bxa6 Nxa6 16. Kd2 Nc7 17. Nf4 Re8 18. Rhe1 f6 19. h4 Kf7 20. Rxe8 Rxe8
21. a4 Ke7 22. a5 b5 23. h5 Kd6 24. f3 Rb8 25. Nd3 Ne6 26. Rb1 a6 27. Nb4 Nc7
28. Re1 Rf8 29. g3 Rf7 30. f4 Re7 31. Rxe7 Kxe7 32. f5 Kd6 33. h6 gxh6 34. g4
h5 35. gxh5 h6 36. Ke3 Kd7 37. Kf4 Kd6 38. Nd3 Kc6 39. Nf2 Ne8 40. Ng4 Ng7 41.
Nxf6 Kd6 42. Kg4 1-0

[Event "World Open"]
[Site "Arlington, VA"]
[Date "2013.07.06"]
[Round "7.18"]
[White "Sarkar, Justin"]
[Black "Wang, Kevin"]
[Result "0-1"]
[WhiteElo "2451"]
[BlackElo "2297"]
[PlyCount "78"]
[EventDate "2013.07.??"]
[EventType "swiss"]
[EventRounds "9"]
[EventCountry "USA"]

1. d4 Nf6 2. c4 c5 3. d5 e6 4. Nc3 exd5 5. cxd5 d6 6. e4 g6 7. f4 Bg7 8. Bb5+
Nfd7 9. a4 O-O 10. Nf3 Na6 11. O-O Nb4 12. Re1 a6 13. Bf1 Re8 14. Qb3 b6 15. h3
Bb7 16. Bd2 Kh8 17. e5 dxe5 18. Ng5 Rf8 19. d6 Bc6 20. Bc4 exf4 21. Nxf7+ Rxf7
22. Bxf7 Bd4+ 23. Kh2 Qh4 24. Ne4 Ne5 25. Qe6 Bd5 26. Qe7 Ng4+ 27. Kh1 Bf6 28.
Bxd5 Bxe7 29. Bc3+ Bf6 30. Nxf6 Nxd5 31. Nxg4+ Nxc3 32. d7 Rd8 33. Ne5 Rxd7 34.
Nxd7 Nd5 35. Ne5 Ne3 36. Re2 g5 37. Kg1 Qg3 38. b3 h5 39. Rc1 Nxg2 0-1

[Event "World Open"]
[Site "Arlington, VA"]
[Date "2013.07.06"]
[Round "7.23"]
[White "Rentala, Nagendra"]
[Black "Troff, Kayden"]
[Result "0-1"]
[WhiteElo "2265"]
[BlackElo "2427"]
[PlyCount "110"]
[EventDate "2013.07.??"]
[EventType "swiss"]
[EventRounds "9"]
[EventCountry "USA"]

1. e4 c5 2. Nf3 d6 3. c3 Nf6 4. Be2 Bd7 5. d3 g6 6. O-O Bg7 7. Nbd2 O-O 8. a4
Nc6 9. Re1 h6 10. d4 cxd4 11. cxd4 Rc8 12. Qb3 a5 13. Bc4 e6 14. Bd3 Nb4 15. e5
dxe5 16. Nxe5 Bc6 17. Ndf3 Bd5 18. Qd1 Bxf3 19. Nxf3 Nxd3 20. Qxd3 Nd5 21. Bd2
Qb6 22. b3 Nb4 23. Bxb4 Qxb4 24. Rac1 Rfd8 25. Kf1 b6 26. g3 Rxc1 27. Rxc1 e5
28. Rc4 Qd6 29. Nd2 exd4 30. Rc2 Qd5 31. f3 Re8 32. Nc4 b5 33. axb5 Qxb5 34.
Re2 Rb8 35. Kg2 a4 36. bxa4 Qxa4 37. Nd6 Rb6 38. Qc4 Qd7 39. Nxf7 Qxf7 40. Re8+
Bf8 41. Rxf8+ Kxf8 42. Qc5+ Qe7 43. Qxb6 Qe2+ 44. Kh3 d3 45. Qd8+ Kf7 46. Qd7+
Kf6 47. Qd4+ Ke6 48. Qc4+ Kd7 49. Qd5+ Ke8 50. Qc6+ Ke7 51. Qc7+ Kf6 52. Qd8+
Ke5 53. f4+ Ke4 54. Qe8+ Kf3 55. Qxg6 Qg2+ 0-1

[Event "World Open"]
[Site "Arlington, VA"]
[Date "2013.07.06"]
[Round "7.24"]
[White "Kiewra, Keaton"]
[Black "Kleinman, Michael"]
[Result "1/2-1/2"]
[WhiteElo "2422"]
[BlackElo "2298"]
[PlyCount "144"]
[EventDate "2013.07.??"]
[EventType "swiss"]
[EventRounds "9"]
[EventCountry "USA"]

1. e4 c5 2. Nf3 e6 3. d4 cxd4 4. Nxd4 Nc6 5. Nc3 Qc7 6. Be3 a6 7. Qd2 Nf6 8. f3
h5 9. O-O-O Be7 10. h3 b5 11. Nxc6 dxc6 12. Kb1 e5 13. Bd3 h4 14. f4 Nh5 15.
fxe5 Qxe5 16. Ne2 Be6 17. Nd4 Bf6 18. c3 Rc8 19. Nf5 Qc7 20. Bc5 Be5 21. Bc2
Ng3 22. Bd6 Qa5 23. Bxe5 Qxa2+ 24. Kc1 Qa1+ 25. Bb1 Nxf5 26. Qd3 Ne7 27. Bxg7
Rg8 28. Bf6 Rxg2 29. c4 Qa4 30. c5 Qb4 31. Ba2 Qxc5+ 32. Kb1 Bxa2+ 33. Kxa2
Qc4+ 34. Qxc4 bxc4 35. Bxh4 c3 36. Rd3 Rxb2+ 37. Ka3 Rcb8 38. Rxc3 R2b5 39. Ka2
Rb2+ 40. Ka3 R2b5 41. Ka2 Rb4 42. Re1 Ra4+ 43. Ra3 Rxa3+ 44. Kxa3 Rb5 45. Bf6
Rh5 46. Re3 Kd7 47. Kb4 Ke6 48. Bd4 Ng6 49. Ra3 Rh4 50. Rxa6 Rxe4 51. Kc5 Ne7
52. Ra3 Nf5 53. Bf2 Re2 54. Rf3 Ke5 55. Bg1 Rg2 56. Rf1 Rc2+ 57. Kb6 Rc3 58. h4
Rh3 59. Re1+ Kf4 60. Rf1+ Kg4 61. Bc5 Rf3 62. Rxf3 Kxf3 63. h5 Kg4 64. Kxc6
Kxh5 65. Kd5 Kg4 66. Ke4 Ng3+ 67. Ke3 f5 68. Bd6 Nf1+ 69. Kf2 Nd2 70. Bb8 Nc4
71. Bc7 f4 72. Bxf4 Kxf4 1/2-1/2

[Event "World Open"]
[Site "Arlington, VA"]
[Date "2013.07.06"]
[Round "7.25"]
[White "Cheng, Bindi"]
[Black "Ulrich, Thomas"]
[Result "1/2-1/2"]
[WhiteElo "2406"]
[BlackElo "2259"]
[PlyCount "116"]
[EventDate "2013.07.??"]
[EventType "swiss"]
[EventRounds "9"]
[EventCountry "USA"]

1. Nf3 d5 2. c4 c6 3. e3 Nf6 4. Nc3 e6 5. b3 Nbd7 6. Bb2 Bd6 7. Qc2 O-O 8. Rg1
e5 9. cxd5 cxd5 10. Nb5 Bb8 11. Ba3 Re8 12. Rc1 d4 13. Nc7 d3 14. Qc3 Ne4 15.
Qc4 Nb6 16. Qxe4 Bxc7 17. Bxd3 g6 18. Bb5 Re6 19. Ng5 Qxg5 20. Rxc7 Qd8 21. Rc1
Bd7 22. Bxd7 Qxd7 23. g4 Nd5 24. g5 Rd8 25. Kf1 f5 26. gxf6 Nxf6 27. Qc4 b5 28.
Qc2 Qxd2 29. Qxd2 Rxd2 30. Rc8+ Re8 31. Rxe8+ Nxe8 32. Rg5 Nf6 33. Rxe5 Rxa2
34. Bd6 Ng4 35. Rxb5 Rxf2+ 36. Kg1 Ra2 37. Rb8+ Kf7 38. Bf4 Ke6 39. Rb7 h5 40.
Rb5 Kf6 41. Bg5+ Ke6 42. Bf4 a6 43. Rg5 Kf6 44. Rd5 Ra3 45. h3 Ra1+ 46. Kg2
Ra2+ 47. Kf3 Nh2+ 48. Ke4 Nf1 49. Rd6+ Kf7 50. b4 Nd2+ 51. Kd5 Nf3 52. Rd7+ Kf6
53. e4 g5 54. e5+ Kg6 55. Rd6+ Kg7 56. Be3 Re2 57. Rd7+ Kg6 58. Rd6+ Kg7
1/2-1/2

[Event "World Open"]
[Site "Arlington, VA"]
[Date "2013.07.06"]
[Round "7.26"]
[White "Ostrovskiy, Aleksandr"]
[Black "Aaron, Deepak"]
[Result "1/2-1/2"]
[WhiteElo "2403"]
[BlackElo "2271"]
[PlyCount "117"]
[EventDate "2013.07.??"]
[EventType "swiss"]
[EventRounds "9"]
[EventCountry "USA"]

1. Nf3 d5 2. c4 c6 3. e3 Nf6 4. Nc3 e6 5. b3 Nbd7 6. Bb2 Bd6 7. Qc2 O-O 8. Rg1
e5 9. cxd5 cxd5 10. Nb5 Bb8 11. Ba3 Re8 12. Rc1 d4 13. Nc7 d3 14. Qc3 Ne4 15.
Qc4 Nb6 16. Qxe4 Bxc7 17. Bxd3 g6 18. Bb5 Re6 19. Ng5 Qxg5 20. Rxc7 Qd8 21. Rc1
Bd7 22. Bxd7 Qxd7 23. g4 Nd5 24. g5 Rd8 25. Kf1 f5 26. gxf6 Nxf6 27. Qc4 b5 28.
Qc2 Qxd2 29. Qxd2 Rxd2 30. Rc8+ Re8 31. Rxe8+ Nxe8 32. Rg5 Nf6 33. Rxe5 Rxa2
34. Bd6 Ng4 35. Rxb5 Rxf2+ 36. Kg1 Ra2 37. Rb8+ Kf7 38. Bf4 Ke6 39. Rb7 h5 40.
Rb5 Kf6 41. Bg5+ Ke6 42. Bf4 a6 43. Rg5 Kf6 44. Rd5 Ra3 45. h3 Ra1+ 46. Kg2
Ra2+ 47. Kf3 Nh2+ 48. Ke4 Nf1 49. Rd6+ Kf7 50. b4 Nd2+ 51. Kd5 Nf3 52. Rd7+ Kf6
53. e4 g5 54. e5+ Kg6 55. Rd6+ Kg7 56. Be3 Re2 57. Rd7+ Kg6 58. Rd6+ Kg7 59.
Rd7+ 1/2-1/2

[Event "World Open"]
[Site "Arlington, VA"]
[Date "2013.07.06"]
[Round "7.29"]
[White "Williams, Justus"]
[Black "Kaufman, Lawrence"]
[Result "0-1"]
[WhiteElo "2199"]
[BlackElo "2325"]
[PlyCount "84"]
[EventDate "2013.07.??"]
[EventType "swiss"]
[EventRounds "9"]
[EventCountry "USA"]

1. Nf3 d5 2. c4 c6 3. g3 Nf6 4. Bg2 dxc4 5. Na3 Be6 6. Qc2 Qd5 7. b3 cxb3 8.
axb3 Nbd7 9. Nc4 g6 10. O-O Qh5 11. Ra5 c5 12. d4 b6 13. Ra6 Bh3 14. dxc5 Bxg2
15. Kxg2 Qxc5 16. Be3 Qc7 17. Qd3 Qb7 18. Rfa1 Bg7 19. Bxb6 Nxb6 20. Nxb6 Rd8
21. Qxd8+ Kxd8 22. Nc4 Qxb3 23. Nfe5 Nd7 24. R1a3 Qb7+ 25. Nf3 Bd4 26. R6a4 Bc5
27. Rd3 Ke8 28. Ra5 Bb6 29. Rad5 Nf6 30. Nxb6 Qxb6 31. R5d4 Kf8 32. e4 e6 33.
g4 h6 34. g5 hxg5 35. Nxg5 Nh5 36. e5 Qc6+ 37. f3 Kg7 38. Rd2 Rb8 39. Rd7 Nf4+
40. Kg3 Nh5+ 41. Kh3 Rb7 42. R7d6 Qc1 0-1

[Event "World Open"]
[Site "Arlington, VA"]
[Date "2013.07.06"]
[Round "7.30"]
[White "Chiang, Jonathan"]
[Black "Shetty, Atulya"]
[Result "1/2-1/2"]
[WhiteElo "2131"]
[BlackElo "2320"]
[PlyCount "81"]
[EventDate "2013.07.??"]
[EventType "swiss"]
[EventRounds "9"]
[EventCountry "USA"]

1. e4 c5 2. Nf3 d6 3. d4 cxd4 4. Nxd4 Nf6 5. Nc3 Nc6 6. Bg5 e6 7. Qd2 a6 8.
O-O-O Bd7 9. f4 b5 10. Nxc6 Bxc6 11. Qd4 Be7 12. Kb1 Qc7 13. Be2 Qa7 14. Bf3
Qxd4 15. Rxd4 Rb8 16. a3 a5 17. Rhd1 h6 18. Bh4 b4 19. axb4 Rxb4 20. Bxf6 gxf6
21. Rxb4 axb4 22. Na2 b3 23. cxb3 Kd7 24. Kc2 Rb8 25. Rd4 Bd8 26. Nc3 Ba5 27.
Bg4 Rg8 28. Bf3 Rb8 29. Bg4 Rg8 30. Bf3 Bb6 31. Rd3 Rc8 32. Kd2 Rb8 33. Kc2 Ba7
34. Be2 Bc5 35. Rh3 Rg8 36. Bf3 Rh8 37. Be2 Ke7 38. Bb5 Ba8 39. Be2 Bd4 40. Kd3
Bc5 41. g4 1/2-1/2

[Event "World Open"]
[Site "Arlington, VA"]
[Date "2013.07.06"]
[Round "7.32"]
[White "Colas, Joshua"]
[Black "Perez, Robert"]
[Result "0-1"]
[WhiteElo "2225"]
[BlackElo "2379"]
[PlyCount "82"]
[EventDate "2013.07.??"]
[EventType "swiss"]
[EventRounds "9"]
[EventCountry "USA"]

1. d4 Nf6 2. c4 g6 3. Nc3 d5 4. Bg5 Ne4 5. Bh4 Nxc3 6. bxc3 dxc4 7. e3 Be6 8.
Ne2 Bh6 9. Bg3 O-O 10. Nf4 Bxf4 11. Bxf4 c5 12. Be2 cxd4 13. exd4 Nc6 14. Bh6
Re8 15. h4 Bd5 16. O-O b5 17. h5 a5 18. hxg6 hxg6 19. Rc1 Qd7 20. Qd2 Rec8 21.
f3 f6 22. Kf2 Kf7 23. Rh1 Rh8 24. Bf4 g5 25. Bg3 Kg7 26. Qb2 Qb7 27. a4 Rxh1
28. Rxh1 b4 29. Qb1 Rh8 30. Rxh8 Kxh8 31. f4 b3 32. fxg5 b2 33. g6 Kg7 34. Qh1
Kxg6 35. Qh8 b1=Q 36. Bh5+ Kg5 37. Bh4+ Kf5 38. Qh7+ Ke6 39. Qf7+ Kd6 40. Bg3+
Ne5 41. dxe5+ Kc5 0-1

[Event "World Open"]
[Site "Arlington, VA"]
[Date "2013.07.07"]
[Round "8.1"]
[White "Bruzon Batista, Lazaro"]
[Black "Erenburg, Sergey"]
[Result "1/2-1/2"]
[WhiteElo "2689"]
[BlackElo "2615"]
[PlyCount "31"]
[EventDate "2013.07.??"]
[EventType "swiss"]
[EventRounds "9"]
[EventCountry "USA"]
[WhiteClock "0:53:53"]
[BlackClock "1:30:04"]

1. d4 d5 2. c4 c6 3. Nc3 Nf6 4. e3 e6 5. Nf3 a6 6. b3 Bb4 7. Bd2 Nbd7 8. Bd3
O-O 9. O-O Bd6 10. Re1 h6 11. Rc1 Re8 12. e4 dxc4 13. bxc4 e5 14. c5 Bc7 15. h3
exd4 16. Na4 1/2-1/2

[Event "World Open"]
[Site "Arlington, VA"]
[Date "2013.07.07"]
[Round "8.2"]
[White "Gelashvili, Tamaz"]
[Black "Laznicka, Viktor"]
[Result "1/2-1/2"]
[WhiteElo "2572"]
[BlackElo "2684"]
[PlyCount "98"]
[EventDate "2013.07.??"]
[EventType "swiss"]
[EventRounds "9"]
[EventCountry "USA"]
[WhiteClock "0:17:59"]
[BlackClock "0:14:48"]

1. d4 d5 2. Nf3 Nf6 3. c4 c6 4. Qb3 e6 5. Nc3 a6 6. Bg5 Be7 7. e3 O-O 8. Bd3
dxc4 9. Bxc4 b5 10. Be2 Nbd7 11. O-O c5 12. Rfd1 Bb7 13. dxc5 Qc7 14. Bf4 Qxc5
15. Rac1 Rac8 16. a3 Qb6 17. Qc2 Nc5 18. Be5 Nce4 19. Bd3 Nxc3 20. Bxc3 Bxf3
21. gxf3 Nd5 22. Qd2 Nxc3 23. Rxc3 Bf6 24. Bxh7+ Kh8 25. Rxc8 Rxc8 26. Bd3 g6
27. Qb4 Kg7 28. Kg2 Rc5 29. f4 Qc6+ 30. Be4 Qc7 31. Qd2 Rc4 32. Bd3 Qc6+ 33.
Kg1 Rc5 34. Qe2 Rc1 35. b3 Rc3 36. a4 Rxb3 37. axb5 axb5 38. Rb1 Rxb1+ 39. Bxb1
Qc1+ 40. Qf1 Qb2 41. Qd1 b4 42. Bc2 Bh4 43. Qb1 Qc3 44. Qd1 Qf6 45. Qd6 Qa1+
46. Qd1 Qa2 47. Qb1 Qc4 48. Qd1 Qc6 49. Bb3 Qc3 1/2-1/2

[Event "World Open"]
[Site "Arlington, VA"]
[Date "2013.07.07"]
[Round "8.3"]
[White "Akobian, Varuzhan"]
[Black "Yuniesky, Quesada"]
[Result "1/2-1/2"]
[WhiteElo "2612"]
[BlackElo "2639"]
[PlyCount "82"]
[EventDate "2013.07.??"]
[EventType "swiss"]
[EventRounds "9"]
[EventCountry "USA"]
[WhiteClock "0:47:26"]
[BlackClock "0:46:29"]

1. d4 Nf6 2. c4 e6 3. Nc3 Bb4 4. Qc2 O-O 5. Nf3 c5 6. dxc5 Na6 7. g3 Nxc5 8.
Bg2 Nce4 9. Bd2 Nxd2 10. Nxd2 Qa5 11. Rc1 d5 12. O-O Bxc3 13. Qxc3 Qxc3 14.
Rxc3 Bd7 15. cxd5 exd5 16. Rc7 Bc6 17. Rc1 Rfe8 18. e3 Kf8 19. Nb3 Re7 20. Rxe7
Kxe7 21. Nd4 Bd7 22. Rc7 Rb8 23. f3 Kd6 24. Rc3 a6 25. Rb3 b5 26. Ra3 Ra8 27.
Bf1 Kc5 28. g4 Kb6 29. Rc3 b4 30. Rc1 Rc8 31. Rxc8 Bxc8 32. Bd3 g6 33. h4 Nd7
34. Kf2 Ne5 35. Bc2 Kc5 36. h5 Kd6 37. b3 Bd7 38. Kg3 f6 39. Kf4 g5+ 40. Kg3 h6
41. Bf5 Nc6 1/2-1/2

[Event "World Open"]
[Site "Arlington, VA"]
[Date "2013.07.07"]
[Round "8.4"]
[White "Negi, Parimarjan"]
[Black "Shabalov, Alex"]
[Result "1-0"]
[WhiteElo "2634"]
[BlackElo "2553"]
[PlyCount "107"]
[EventDate "2013.07.??"]
[EventType "swiss"]
[EventRounds "9"]
[EventCountry "USA"]
[WhiteClock "0:05:29"]
[BlackClock "0:09:11"]

1. e4 e5 2. Nf3 d6 3. d4 exd4 4. Qxd4 a6 5. Bf4 Qf6 6. e5 dxe5 7. Qxe5+ Qxe5+
8. Bxe5 c6 9. Nbd2 Bg4 10. O-O-O Nd7 11. Bc7 Be7 12. Bc4 Ngf6 13. Rhe1 Kf8 14.
h3 Bh5 15. g4 Bg6 16. Ne5 Nxe5 17. Bxe5 Ne8 18. Nf3 Rd8 19. Rxd8 Bxd8 20. Bd4
Be7 21. Ne5 Nd6 22. Bc5 Nc8 23. f4 f6 24. Nd7+ Ke8 25. Nb6 Kd8 26. Rd1+ Kc7 27.
Rd7+ Kb8 28. Rxe7 Nxe7 29. Bxe7 Kc7 30. Bc5 h5 31. b4 hxg4 32. hxg4 Rh1+ 33.
Kb2 Be4 34. Be6 Rh2 35. Nc4 Rxc2+ 36. Kb3 Re2 37. f5 Bb1 38. Kc3 Bxa2 39. Ne3
Bb1 40. Bc4 Rh2 41. Bf8 Rh3 42. Kd4 g6 43. g5 Rh4+ 44. Kc3 Re4 45. Kd2 gxf5 46.
gxf6 f4 47. Nf5 Kd7 48. f7 Re5 49. Nh4 Re7 50. Bh6 Rxf7 51. Bxf7 b6 52. Bxf4 a5
53. bxa5 bxa5 54. Bb3 1-0